• 首页
  • 本馆介绍
  • 公告通知
  • 最新文献
  • 馆藏检索
  • 电子资源
  • 读者导购
  • 参考咨询
  • 我的图书馆
  • 登录
  • 详细信息显示
  • 放入我的书架
  • 预约/预借图书
  • 作者相关作品
  • 分类相关作品
  • 丛书相关作品
  • 出版社相关作品

书目信息

  • 表格格式
  • 工作单格式
  • 卡片格式
题名:
劳动法评论
    
 
作者: 林嘉 主编
分册: 第一卷  
出版信息: 北京   中国人民大学出版社  2005
页数: 420页
开本: 21cm
丛书名:
单 册:
中图分类: D922.182.34-53 , D922.504-53
科图分类:
主题词: 劳动法--研究--中国--文集 , 社会保障--行政法--研究--中国--文集
电子资源:
ISBN: 7-300-07037-X
000 00989nam0 2200277 450
000 01026nam0 2200277 450
000 00952nam0 2200253 450
000 00916oam2 2200241 45
005 20070724103137.78
010    @a7-300-07037-X@dCNY25.00
100    @a20070714d2005 em y0chiy0120 ea
101 0  @achi
102    @aCN@b110000
105    @ay z 000yy
200 1  @a劳动法评论@ALao Dong Fa Ping Lun@h第一卷@HDi Yi Juan@f林嘉主编@FLin Jia Zhu Bian
210    @a北京@c中国人民大学出版社@d2005
215    @a420页@d21cm
300    @a中国人民大学劳动法和社会保障法研究所主办
330    @a本书由“理论研究”、“审判实务”、“学术动态”、“域外法学”四个栏目组成,为劳动法学者提供一个研究阵地和学术交流的平台。
606 0  @a劳动法@x研究@y中国@j文集
606 0  @a社会保障@x行政法@x研究@y中国@j文集
690    @aD922.182.34-53@v4
690    @aD922.504-53@v4
701  0 @a林嘉@ALin Jia@c(女, @f1962.10~)@4主编
801  0 @aCN@bTAOJIN@c20070724
905    @a10447@dD922.504-53@e721
    
    劳动法评论.第一卷/林嘉主编.-北京:中国人民大学出版社,2005
    420页;21cm
    中国人民大学劳动法和社会保障法研究所主办
    
    ISBN 7-300-07037-X:CNY25.00
    本书由“理论研究”、“审判实务”、“学术动态”、“域外法学”四个栏目组成,为劳动法学者提供一个研究阵地和学术交流的平台。
●
相关链接 在E读中查询图书 在五车中查询图书 在当当中查询图书 在豆瓣中查询图书


正题名:劳动法评论     索取号:D922.504-53/721         预约/预借

序号 登录号 条形码 馆藏地/架位号 状态 备注
1 0824418   208244185   第一样本阅览室/ [索取号:D922.504-53/721] 在馆    
2 0824419   208244194   密集书库/ [索取号:D922.504-53/721] 在馆    
3 0824420   208244201   第一借阅区/ [索取号:D922.504-53/721] 在馆    
4 0824421   208244210   第一借阅区/ [索取号:D922.504-53/721] 在馆    
5 0824422   208244229   第一借阅区/ [索取号:D922.504-53/721] 在馆    
6 0824423   208244238   密集书库/ [索取号:D922.504-53/721] 在馆    
7 0824424   208244247   第一借阅区/ [索取号:D922.504-53/721] 在馆    
8 0824425   208244256   密集书库/ [索取号:D922.504-53/721] 在馆    
唐山师范学院图书馆 欢迎您!
大连网信软件有限公司© 版权所有